Measuring structural unemployment some neglected issues

Salvato in:
Dettagli Bibliografici
Autore principale: Paqué, Karl-Heinz
Natura: Libro
Lingua:inglese
Pubblicazione: Kiel Institut für Weltwirtschaft 1992
Serie:Kiel working papers no. 505
Soggetti:
Tags: Aggiungi Tag
Nessun Tag, puoi essere il primo ad aggiungerne!!

MARC

LEADER 00000nam a2200000 4500
001 c100465
005 20221123101752.9
022 |a 0342-0787 
041 0 |a eng 
044 |a DE 
245 1 0 |a Measuring structural unemployment  |b some neglected issues  |c by Karl-Heinz Paqué 
264 1 |a Kiel  |b Institut für Weltwirtschaft  |c 1992 
300 |a 28 s. 
490 1 |a Kiel working papers  |v no. 505 
830 0 |a Kiel working papers  |v no. 505 
610 2 0 |a nezamestnanosť 
610 2 0 |a modely 
610 2 0 |a koncepcie 
610 2 0 |a sily pracovné 
610 2 0 |a situácia sociálna 
610 2 0 |a modely analytické ekonometrické 
100 1 |a Paqué, Karl-Heinz